| 000 | 01255cam a22004334i 4500 | ||
|---|---|---|---|
| 003 | PE-LiUPU | ||
| 005 | 20250731165538.0 | ||
| 008 | 150625s r 000 0 d | ||
| 035 | _a(Sirsi) a32465 | ||
| 040 |
_aPE-LiUPU _bspa _cPE-LiUPU _erda |
||
| 082 | 0 | 4 |
_a780.3 _bH19 _221 |
| 100 | 1 |
_aHamel, Fred, _eautor. |
|
| 245 | 1 | 0 |
_aEnciclopedia de la musica. _n2 / _cFred hamel & Martin Hurliman. |
| 264 | 1 | _a | |
| 336 |
_atext _2rdacontent |
||
| 337 |
_aunmediated _2rdamedia |
||
| 338 |
_avolume _2rdacarrier |
||
| 526 | _aSEG44 | ||
| 526 | _aSEG26 | ||
| 526 | _aP151 | ||
| 526 | _aP150 | ||
| 526 | _aP149 | ||
| 526 | _aP146 | ||
| 526 | _aP145 | ||
| 526 | _aP126 | ||
| 526 | _aP125 | ||
| 526 | _aP92 | ||
| 526 | _aP75 | ||
| 526 | _aP74 | ||
| 526 | _aP27 | ||
| 526 | _aP15 | ||
| 650 | 0 | 4 | _aMúsica. |
| 910 | _a | ||
| 942 |
_2ddc _cBOOK |
||
| 949 |
_aRC 780.3 H19 2 _wDEWEY _c1 _i54697 _lCCODEBUL1 _mBUL _p00.00 _r0 _sY _tBOOK _u2015-06-25 _xBIBLIOTECA _zUNKNOWN _0COMPRA _o.STAFF. Colección General |
||
| 596 | _a1 | ||
| 999 |
_aRC 780.3 H19 2 _wDEWEY _c40120 _i54697 _f2021-11-8 _g7 _lRCG _mBUL _r1 _sY _tBOOK _u2015-6-25 _xBIBLIOTECA _zUNKNOWN _0COMPRA _o.STAFF. Colección General _d40120 |
||
| 980 |
_81 _gALBERTO SANCHEZ Responsable de Automatización |
||